Chicago 'L' Subway - Blue Line - Statistics

General Stats
  • This quiz has been taken 76 times
  • The average score is 21 of 33
Answer Stats
Answer % Correct
O'Hare
97%
Clark/Lake
86%
Chicago
81%
Logan Square
81%
California
78%
Jackson
78%
Washington
75%
Western
75%
Western
75%
Belmont
72%
Damen
72%
Rosemont
72%
Division
69%
Grand
69%
Forest Park
67%
Harlem
67%
Harlem
67%
Jefferson Park
67%
Addison
64%
Irving Park
64%
Monroe
64%
Cumberland
61%
UIC-Halsted
61%
Montrose
58%
Kedzie-Homan
47%
LaSalle
47%
Oak Park
47%
Cicero
44%
Clinton
42%
Racine
42%
Pulaski
36%
Austin
33%
Illinois Medical District
31%
No matching quizzes found
Score Distribution
Percent of People with Each Score
Percentile by Number Answered
Your Score History
You have not taken this quiz